Statistics for Dallas–Fort Worth metroplex suburbs

Click here to take the quiz!

General Stats

  • This quiz has been taken 60 times
  • The average score is 25 of 68

Answer Stats

Answer% Correct
Plano
96%
Arlington
94%
Garland
83%
McKinney
83%
Mesquite
83%
Denton
81%
Frisco
81%
Irving
77%
Grand Prairie
75%
Richardson
72%
Lewisville
70%
Grapevine
68%
Carrollton
64%
Allen
62%
Flower Mound
53%
DeSoto
51%
Euless
49%
Bedford
45%
Duncanville
42%
The Colony
42%
North Richland Hills
42%
Rowlett
42%
Mansfield
40%
Hurst
40%
Saginaw
40%
Southlake
38%
Keller
36%
Addison
36%
Farmers Branch
36%
University Park
34%
Wylie
34%
Colleyville
34%
Haltom City
32%
Burleson
32%
Rockwall
32%
Lancaster
32%
Cedar Hill
30%
White Settlement
30%
Murphy
28%
Coppell
28%
Little Elm
28%
Waxahachie
26%
Prosper
26%
Corinth
25%
Midlothian
25%
Balch Springs
23%
Benbrook
23%
Ennis
23%
Cleburne
21%
Sachse
21%
Trophy Club
19%
Red Oak
19%
Highland Village
19%
Weatherford
19%
Azle
17%
Forney
15%
Crowley
13%
Forest Hill
13%
Greenville
13%
Seagoville
13%
Terrell
11%
Royse City
11%
Anna
11%
Watauga
11%
Celina
9%
Glenn Heights
6%
Fate
6%
Mineral Wells
4%

Score Distribution

Percentile by Number Answered

Percent of People with Each Score

Your Score History

You have not taken this quiz